[Event "Cordoba op"]
[Site "Cordoba"]
[Date "1991.??.??"]
[Round "?"]
[White "Campora, Daniel H"]
[Black "Soloviov, Sergei"]
[Result "1-0"]
[WhiteElo "2515"]
[BlackElo "2395"]

1.e4 g6 2.d4 Bg7 3.Nc3 d6 4.f4 a6 5.Nf3 Nd7 6.Be3 e6 7.Qd2 b5 8.a4 b4 9.Nd1 Ngf6
10.Nf2 Bb7 11.Bd3 c5 12.dxc5 dxc5 13.e5 Nd5 14.Ne4 O-O 15.Bxc5 Nxc5 16.Nxc5 Bc6
17.Ne4 Qb6 18.a5 Qa7 19.g3 f5 20.Neg5 Rfe8 21.Bc4 Ne3 22.Bb3 Bf8 23.Nd4 Nxc2+
24.Nxc2 Rad8 25.Qe3 Bc5 26.Nxe6 Bxe3 27.Nxd8+ Kh8 28.Nxc6 Qc5 29.Ke2 Bxf4
30.gxf4 Qxc6 31.Ne3 Qe4 32.Rhf1 Qd4 33.Bf7 Rd8 34.Rad1 Qxb2+ 35.Kf3 Rxd1
36.Rxd1 Qxh2 37.Rd8+ Kg7 38.Rd7 Qh3+ 39.Ke2 Qh2+ 40.Kd3 Qxf4 41.Bd5+ Kh6
42.e6 b3 43.Bxb3 Qe4+ 44.Kd2 f4 45.Nd1 Qb4+ 46.Kc2 Qxa5 47.Rf7 Qc5+ 48.Nc3 Qf2+
49.Kb1 f3 50.e7 Qe1+ 51.Kb2 Qf2+ 52.Bc2 Qb6+ 53.Ka2 Qe3 54.Ba4 Qe6+ 55.Bb3 Qe1
56.Nd5 f2 57.Bc4 Qe4 58.Kb3 Qb1+ 59.Ka4 Qa1+ 60.Kb4 Qe1+ 61.Kc5 Qa5+ 62.Kd4 Qa1+
63.Kc5 Qa5+ 64.Kd6 Qa3+ 65.Ke5 Qa1+ 66.Ke6 Qa4 67.Bd3 Qg4+ 68.Ke5 Qg3+ 69.Ke4 Qg4+
70.Rf4 Qe6+ 71.Kd4 Qe1 72.Rf8 Qa1+ 73.Ke3 Qe1+ 74.Be2 f1=Q 75.Rxf1 Qg3+ 76.Kd4 Qb8
77.Bd3 a5 78.Rf8 Qb2+ 79.Kc5 Qa3+ 80.Kc6 Kg7 81.Rd8 Qa4+ 82.Bb5  1-0

[Event "Cordoba op"]
[Site "Cordoba"]
[Date "1991.??.??"]
[Round "?"]
[White "Campora, Daniel H"]
[Black "Todorcevic, Miodrag"]
[Result "1-0"]
[WhiteElo "2515"]
[BlackElo "2480"]

1.e4 g6 2.d4 Bg7 3.Nc3 d6 4.f4 Nf6 5.Nf3 O-O 6.Be3 Nbd7 7.Qd2 c5 8.O-O-O b6
9.e5 Ng4 10.Bg1 Bb7 11.e6 fxe6 12.Ng5 Rf6 13.Qe2 Nh6 14.Nxe6 Rxe6 15.Qxe6+ Kh8
16.d5 Nf6 17.Qe1 a6 18.g3 b5 19.Bg2 Nf5 20.Ne4 Nxe4 21.Bxe4 Qf8 22.c3 b4
23.cxb4 Qf6 24.Rd2 c4 25.Rc2 e6 26.dxe6 Qxe6 27.Re2 Re8 28.Bf3 Qxe2 29.Bxe2 Bxh1
30.Qd1 d5 31.g4 Nd6 32.Bc5 Nb5 33.a4 c3 34.b3 Nc7 35.Bd6 Na8 36.Qxh1 Rxe2
37.Qf1 Re8 38.Qxa6 d4 39.Kc2 h6 40.Be5 Bxe5  1-0

[Event "Cordoba op"]
[Site "Cordoba"]
[Date "1991.??.??"]
[Round "?"]
[White "Suarez, Jose Luis"]
[Black "Todorcevic, Miodrag"]
[Result "1/2-1/2"]
[WhiteElo "2300"]
[BlackElo "2480"]

1.e4 g6 2.d4 Bg7 3.Nc3 d6 4.Nf3 Nf6 5.Be2 O-O 6.O-O c6 7.a4 a5 8.h3 Nbd7
9.Be3 e5 10.dxe5 dxe5 11.Qd6 Re8 12.Bc4 Qe7 13.Qxe7 Rxe7 14.Rad1 h6 15.Rd6 Bf8
16.Rfd1 Re8 17.R6d2 Kg7 18.g4 Nc5 19.Rd8 Rxd8 20.Rxd8 Be7 21.Rd1 Nfd7 22.Kg2 f6
23.b3 Nb6 24.Nd2 Bd7 25.Be2 Be6 26.Nf1 Nbd7 27.Ng3 Nf8 28.h4 Na6 29.Na2 Nb4
30.Nxb4 Bxb4 31.f3 Rc8 32.h5 g5 33.Nf5+ Bxf5 34.exf5 Kf7 35.Bc4+ Ke7 36.Bb6 Ra8
37.c3 Bd6 38.Kf1 Nd7 39.Bf2 b6 40.Be6 Nf8 41.Bc4 Rb8 42.Bd3 Bc5 43.Bxc5+  1/2-1/2

[Event "Cordoba op"]
[Site "Cordoba"]
[Date "1991.??.??"]
[Round "?"]
[White "Urday, Henry"]
[Black "Todorcevic, Miodrag"]
[Result "0-1"]
[WhiteElo "2480"]
[BlackElo "2480"]

1.e4 g6 2.d4 Bg7 3.Nc3 d6 4.Nf3 c6 5.a4 a5 6.Be2 Nf6 7.O-O O-O 8.h3 Qc7 9.Be3 e5
10.Qd2 Nbd7 11.Rad1 Re8 12.dxe5 dxe5 13.Bc4 Nf8 14.Bc5 Nh5 15.Qe3 Be6 16.Bd6 Qc8
17.Bxe6 Rxe6 18.Ne2 Nd7 19.Qb3 h6 20.Rd2 Nhf6 21.Nc3 Bf8 22.Bxf8 Nxf8 23.Rfd1 Qc7
24.Qa3 Ne8 25.Qc5 b6 26.Qe3 Kg7 27.b3 Rc8 28.Rd3 Qe7 29.Nh2 Nf6 30.Ng4 Nxg4
31.hxg4 Rf6 32.Ne2 Ne6 33.Rd6 Nc5 34.Rxf6 Qxf6 35.f3 Rd8 36.Rd2 Rd6 37.Qc3 Qe7
38.Kf1 Rxd2 39.Qxd2 Ne6 40.Qc3 Qd6 41.Ke1 f6 42.Qe3 Qb4+ 43.Kd1 Nc5 44.Qd2 Qxd2+
45.Kxd2 Kf7 46.Nc1 Ke7 47.Nd3 Ne6 48.c3 b5 49.g3 Kd6 50.Ke3 Nc5 51.Nxc5 Kxc5
52.axb5 Kxb5 53.f4 a4 54.bxa4+ Kxa4 55.fxe5 fxe5 56.g5 h5 57.Kd3 Kb3 58.c4 c5  0-1

[Event "DEN-chT"]
[Site "DEN"]
[Date "1991.??.??"]
[Round "1"]
[White "Sogaard, Soren"]
[Black "Andreasen, Per"]
[Result "1/2-1/2"]
[WhiteElo "2335"]
[BlackElo "2275"]

1.e4 g6 2.d4 Bg7 3.Nc3 d6 4.Nf3 Nf6 5.Be2 O-O 6.O-O a6 7.a4 b6 8.Be3 Bb7
9.Nd2 Nbd7 10.f3 a5 11.Qe1 e5 12.dxe5 dxe5 13.Bc4 Nh5 14.Rd1 Nf4 15.Nb3 Qe7
16.g3 Ne6 17.Nd5 Bxd5 18.Bxd5 Rad8 19.Qc3 Ndc5 20.Nxc5 Nxc5 21.Bxc5 Qxc5+
22.Qxc5 bxc5 23.Rd3 Bf6 24.Kf2 Rb8 25.b3 Rfd8 26.Ke2 Kg7 27.Rfd1 Be7 28.f4 Bd6
29.Kf3 f6 30.f5 g5 31.h4 h6 32.Rh1 Be7 33.Bc4 Rxd3+ 34.Bxd3 Rd8 35.Ke2 Rd4
36.c3 Rd8 37.h5 Kf8 38.Bc4 Rd6 39.Rd1 Rxd1 40.Kxd1 c6  1/2-1/2

[Event "DEN-chB"]
[Site "DEN"]
[Date "1991.??.??"]
[Round "3"]
[White "Christensen, Tobias"]
[Black "Olesen, Martin"]
[Result "0-1"]
[WhiteElo "2300"]
[BlackElo "2250"]

1.e4 g6 2.d4 Bg7 3.Nc3 d6 4.f4 Nd7 5.Nf3 c5 6.d5 Bxc3+ 7.bxc3 Ngf6 8.e5 Ne4
9.Qe2 Qa5 10.Bb2 f5 11.Qb5 Qxb5 12.Bxb5 O-O 13.O-O Nb6 14.a4 Nxd5 15.Bc4 Be6
16.Bxd5 Bxd5 17.Rfd1 Bc4 18.exd6 exd6 19.Ng5 Nxg5 20.fxg5 Rad8 21.Kf2 a5
22.Re1 Rfe8 23.Rad1 Rxe1 24.Rxe1 Kf7 25.Bc1 Re8 26.Be3 Re4 27.g3 Ke6 28.Rd1 Bd5
29.Bf4 Rxa4 30.Re1+ Be4 31.Rd1 Bd5 32.Re1+ Re4 33.Be3 a4 34.Ke2 a3 35.Kd2 a2
36.Ra1 Bc4 37.Re1 d5 38.Ra1 d4 39.cxd4 cxd4 40.Bg1 Re2+ 41.Kd1 Kd5 42.Kc1 Rg2  0-1

[Event "DEN-ch"]
[Site "DEN"]
[Date "1991.??.??"]
[Round "4"]
[White "Brinck Claussen, Bjorn"]
[Black "Berg, Klaus"]
[Result "1-0"]
[WhiteElo "2415"]
[BlackElo "2420"]

1.e4 g6 2.d4 Bg7 3.Nc3 d6 4.f4 Nf6 5.Nf3 c5 6.dxc5 Qa5 7.Bd3 Qxc5 8.Qe2 O-O
9.Be3 Qa5 10.O-O Nc6 11.Kh1 Bg4 12.Qf2 Bxf3 13.Qxf3 Nb4 14.a3 Nxd3 15.cxd3 e6
16.d4 d5 17.e5 Nd7 18.h4 Qb6 19.Rab1 Qb3 20.h5 Nb6 21.Qh3 Rfc8 22.hxg6 hxg6
23.f5 exf5 24.Bg5 Na4 25.Nxa4 Qxa4 26.Rf4 Qe8 27.Rh4 Rc6 28.Rh7 Qf8 29.Qh4 f6
30.exf6 Bxf6 31.Rxb7 Bg7 32.Re1 Rb6 33.Rd7 Rd6 34.Rc7 Rc8 35.Rxa7 Ra8 36.Rxa8 Qxa8
37.Re7 Rc6 38.Bf4 Kf8 39.Rd7 g5 40.Bxg5 Qa4 41.Rd8+ Kf7 42.Qh5+  1-0

[Event "DEN-chT"]
[Site "DEN"]
[Date "1991.??.??"]
[Round "5"]
[White "Borge, Nikolaj"]
[Black "Sogaard, Soren"]
[Result "1-0"]
[WhiteElo "2300"]
[BlackElo "2335"]

1.e4 d6 2.d4 g6 3.Nc3 Bg7 4.f4 Nf6 5.Nf3 d5 6.e5 Ng8 7.Bd3 e6 8.O-O h5 9.Be3 b6
10.a4 Nc6 11.Bf2 Bf8 12.Bh4 Be7 13.Bb5 Bd7 14.Bxe7 Qxe7 15.Ne2 a6 16.Bxc6 Bxc6
17.a5 Nh6 18.Nc3 O-O 19.axb6 cxb6 20.Qd2 Nf5 21.Nd1 Rfc8 22.c3 a5 23.Ne1 Bb5
24.Rf3 Bc4 25.Ne3 b5 26.Nxf5 exf5 27.Nc2 b4 28.cxb4 axb4 29.Rxa8 Rxa8 30.b3 Bb5
31.g3 Qc7 32.Nxb4 Ra1+ 33.Kg2 Qa5 34.Rf2 Bd7 35.Nd3 Qa7 36.Nc5 h4 37.gxh4 Bb5
38.h5 Be8 39.hxg6 fxg6 40.e6 Qe7 41.Rf1 Rxf1 42.Kxf1 Qh4 43.Qf2 Qh3+ 44.Ke2 Qc3
45.Qe3 Qc2+ 46.Qd2 Bb5+ 47.Ke3 Qb1 48.h3 Qf1 49.Qf2 Qxh3+ 50.Kd2 g5 51.fxg5 Qg4
52.Qe3 f4 53.Qe5 f3 54.e7 Qg2+ 55.Kc3 f2 56.Qb8+ Kf7 57.Qf8+ Kg6 58.e8=Q+ Bxe8
59.Qxe8+ Kh7 60.Qf7+ Kh8 61.Ne6 f1=Q 62.Qg7+  1-0

[Event "DEN-ch"]
[Site "DEN"]
[Date "1991.??.??"]
[Round "6"]
[White "Hoi, Carsten"]
[Black "Mortensen, Erling"]
[Result "1/2-1/2"]
[WhiteElo "2405"]
[BlackElo "2450"]

1.d4 d6 2.Nc3 g6 3.e4 Bg7 4.Bg5 Nd7 5.Qd2 c6 6.f4 b5 7.a3 Bb7 8.Nf3 Nb6 9.Be2 Nf6
10.O-O O-O 11.f5 a5 12.Qf4 b4 13.Nd1 Qc7 14.Nf2 c5 15.d5 Nbd7 16.Bh6 c4 17.axb4 axb4
18.Rxa8 Rxa8 19.Bxg7 Kxg7 20.g4 Ne5 21.g5 Nfd7 22.Nxe5 Nxe5 23.Ng4 Nxg4 24.Bxg4 Rf8
25.f6+ Kg8 26.Rf3 Bc8 27.Bxc8 Rxc8 28.Kg2 Re8 29.Rh3 h5 30.gxh6 Kh7 31.Re3 e6
32.h4 exd5 33.exd5 Rxe3 34.Qxe3 Qd7 35.Qf4 c3 36.bxc3 bxc3 37.Kg3 Qe8 38.Kf2 Qd8
39.Ke3 Qb6+ 40.Kd3 Qc5 41.Qg5 Qb5+ 42.Kxc3 Qc5+ 43.Kd3 Qb5+ 44.Kd2 Qb4+ 45.c3 Qb2+
46.Kd3 Qb5+ 47.Ke3 Qc5+ 48.Kd2 Qf2+ 49.Kd3 Qf1+ 50.Kd4 Qf2+ 51.Kd3 Qf1+ 52.Kc2 Qf2+
53.Kb1 Qe1+ 54.Kb2 Qe2+ 55.Ka3 Qa6+ 56.Kb4 Qb6+ 57.Kc4 Qc5+ 58.Kd3 Qb5+  1/2-1/2

[Event "DEN-ch"]
[Site "DEN"]
[Date "1991.??.??"]
[Round "10"]
[White "Mortensen, Erling"]
[Black "Kristiansen, Jens"]
[Result "1-0"]
[WhiteElo "2450"]
[BlackElo "2415"]

1.e4 g6 2.d4 Bg7 3.Nc3 d6 4.Be3 c6 5.a4 Nf6 6.Nf3 O-O 7.h3 Nbd7 8.a5 Qc7
9.g3 e5 10.dxe5 Nxe5 11.Nxe5 dxe5 12.Bc4 Qe7 13.Qb1 h5 14.b4 Rd8 15.Bc5 Qe8
16.Qb3 Nd7 17.Be3 Nf8 18.Ne2 Be6 19.c3 Qe7 20.Bxe6 Nxe6 21.Rd1 Qf6 22.Ng1 h4
23.g4 Ng5 24.Rxd8+ Rxd8 25.Qc2 Bh6 26.Kf1 Kh7 27.Kg2 Ne6 28.Nf3 Nf4+ 29.Bxf4 Qxf4
30.Re1 c5 31.Qe2 cxb4 32.cxb4 a6 33.Qc4 Rd7 34.Re3 Qf6 35.Rb3 Bf8 36.b5 Be7
37.bxa6 bxa6 38.Rb6 Rd6 39.Rxd6 Bxd6 40.Qxa6 Kg7 41.Qc6 Bb8 42.Qb7  1-0

[Event "DEN-ch"]
[Site "DEN"]
[Date "1991.??.??"]
[Round "11"]
[White "Sorensen, Jan"]
[Black "Mortensen, Erling"]
[Result "1/2-1/2"]
[WhiteElo "2415"]
[BlackElo "2450"]

1.e4 g6 2.d4 Bg7 3.Nc3 d6 4.f4 Nc6 5.Be3 Nf6 6.Nf3 O-O 7.e5 Ng4 8.Bg1 dxe5
9.dxe5 Qxd1+ 10.Rxd1 f6 11.Bc4+ Kh8 12.exf6 exf6 13.h3 Re8+ 14.Kf1 Nh6 15.g4 Na5
16.Bb5 c6 17.Bd3 Be6 18.Rh2 Nc4 19.Rb1 f5 20.g5 Nf7 21.Nd4 Nfd6 22.b3 Na3
23.Rc1 Bg8 24.Re2 Rxe2 25.Ndxe2 b6 26.Bd4 c5 27.Bxg7+ Kxg7 28.Ng1 Kf8 29.Nf3 Rc8
30.Ne5 Rc7 31.Nb1 Nxb1 32.Rxb1 c4 33.bxc4 Nxc4 34.Nxc4 Bxc4 35.Rb2 Bxd3+
36.cxd3 Rc1+ 37.Kf2 Ke7 38.a4 Kd6 39.Rb4 Kc6 40.Rd4 a5 41.Rd8 Rh1 42.Kg3 Ra1
43.Rc8+ Kd5 44.Rb8 Rxa4 45.Rxb6 Ra3 46.Rb7 Rxd3+ 47.Kh4 Rd4 48.Kg3 Rd3+ 49.Kh4 Ke4
50.Rxh7 Kxf4 51.Rd7 Ke3 52.Re7+ Kf3 53.Rd7 Ke2 54.Ra7 Rd4+ 55.Kg3 f4+ 56.Kh2 Rd2
57.Rxa5 Kf1+ 58.Kh1 f3 59.Ra1+ Kf2 60.Kh2 Re2 61.Rb1 Re1 62.Rb2+ Re2 63.Rb1 Ra2
64.h4 Rd2 65.Ra1 Re2 66.Rb1 Ra2 67.Kh3 Re2 68.Kh2 Re1 69.Rb2+ Ke3 70.Rb3+ Kf4
71.Rb4+ Ke3  1/2-1/2

[Event "Telecom op"]
[Site "Dublin"]
[Date "1991.??.??"]
[Round "?"]
[White "Barry, Colm"]
[Black "Helbig, Paul"]
[Result "1-0"]
[WhiteElo "2255"]
[BlackElo "2250"]

1.e4 g6 2.d4 Bg7 3.Nc3 d6 4.Nge2 Nf6 5.g3 O-O 6.Bg2 e5 7.h3 c6 8.a4 exd4
9.Nxd4 Re8 10.O-O Na6 11.Re1 Nb4 12.f4 d5 13.e5 Ne4 14.Nxe4 dxe4 15.c3 Nd5
16.Rxe4 Nc7 17.Re1 a5 18.Be3 Ne6 19.Nb3 Bd7 20.Qd2 Qe7 21.Rad1 Bc8 22.Qf2 f6
23.exf6 Qxf6 24.Bd4 Qf7 25.Bxg7 Qxg7 26.Nc5 Qf7 27.Ne4 Rf8 28.Nd6 Qg7 29.Nxc8 Nxf4
30.Ne7+  1-0

[Event "Telecom op"]
[Site "Dublin"]
[Date "1991.??.??"]
[Round "?"]
[White "Connolly, Suzanne"]
[Black "Ludgate, Alan"]
[Result "1/2-1/2"]
[WhiteElo "2035"]
[BlackElo "2255"]

1.e4 g6 2.d4 Bg7 3.Nc3 d6 4.Nf3 Nf6 5.Be2 O-O 6.O-O c6 7.a4 a5 8.h3 Na6 9.Be3 Nb4
10.Qd2 d5 11.e5 Ne8 12.Na2 Nxa2 13.Rxa2 Nc7 14.Bh6 Ne6 15.Bxg7 Kxg7 16.Rd1 f6
17.Ra3 f5 18.Ng5 Nxg5 19.Qxg5 b6 20.Qf4 Ba6  1/2-1/2

[Event "NLD-ch sf"]
[Site "Enschede"]
[Date "1991.??.??"]
[Round "5"]
[White "Van de Oudeweetering, Arthur"]
[Black "Los, Sander"]
[Result "0-1"]
[WhiteElo "2345"]
[BlackElo "2345"]

1.e4 d6 2.d4 g6 3.Nc3 Bg7 4.f4 Nc6 5.Be3 Nf6 6.Nf3 O-O 7.Be2 e6 8.O-O Ne7
9.Qe1 b6 10.Rd1 Bb7 11.Bd3 Qc8 12.Qh4 c5 13.Ng5 h6 14.f5 cxd4 15.fxe6 fxe6
16.e5 dxe5 17.Rxf6 Rxf6 18.Nge4 Rf7 19.Nd6 Qc6 20.Nxb7 Qxb7 21.Be4 Qc8 22.Nb5 dxe3
23.Nd6 e2  0-1

[Event "NLD-ch sf"]
[Site "Enschede"]
[Date "1991.??.??"]
[Round "5"]
[White "Dorenberg, Gaston"]
[Black "Nijboer, Friso"]
[Result "0-1"]
[WhiteElo "2245"]
[BlackElo "2455"]

1.e4 d6 2.d4 g6 3.Nc3 Bg7 4.f4 Nc6 5.Be3 Nf6 6.h3 O-O 7.g4 e5 8.dxe5 dxe5
9.f5 Nd4 10.Qd2 Re8 11.O-O-O c5 12.Bg2 Rb8 13.g5 Nh5 14.f6 Bf8 15.Nd5 Be6
16.Bxd4 exd4 17.Ne2 Bd6 18.h4 Qd7 19.Rde1 Bxd5 20.exd5 Re3 21.Kb1 Rbe8 22.Nc1 Nf4
23.Nd3 c4 24.Nxf4 c3 25.Qd1 Bxf4 26.Rxe3 Bxe3 27.Qd3 Bd2 28.Qxd4 Qb5 29.b3 Qe2
30.Qg1 Be1  0-1

[Event "Euskadi-Georgia"]
[Site "Euskadi"]
[Date "1991.??.??"]
[Round "?"]
[White "Fernandez Garcia, Jose L"]
[Black "Azmaiparashvili, Zurab"]
[Result "0-1"]
[WhiteElo "2455"]
[BlackElo "2585"]

1.e4 d6 2.d4 g6 3.Nc3 Bg7 4.f4 Nf6 5.Nf3 O-O 6.Bd3 Na6 7.O-O c5 8.d5 Bg4
9.Bc4 Nc7 10.h3 Bxf3 11.Qxf3 e6 12.dxe6 fxe6 13.Rd1 Qe7 14.e5 dxe5 15.Qxb7 Nh5
16.Nb5 Rac8 17.f5 gxf5 18.Be3 f4 19.Bf2 f3 20.g3 Kh8 21.Nd6 Rb8 22.Qxa7 Rxb2
23.Bb3 Qg5 24.Kh2 Nxg3 25.Bxg3 Qe3 26.Rf1 Qd2+ 27.Rf2 Qxd6 28.Qa3 Qd4 29.Qa5 Nd5
30.Rd2 Qc3 31.Qxc3 Nxc3 32.Rd7 Bf6 33.Rf1 e4 34.Rf2 Ne2 35.Bd6 Re8 36.Rc7 Rd8  0-1

[Event "Euskadi-Georgia"]
[Site "Euskadi"]
[Date "1991.??.??"]
[Round "?"]
[White "Alvarez Ibarra, D Rafael"]
[Black "Azmaiparashvili, Zurab"]
[Result "1/2-1/2"]
[WhiteElo "2355"]
[BlackElo "2585"]

1.d4 d6 2.e4 g6 3.Nc3 Bg7 4.Nf3 Nf6 5.Be2 O-O 6.O-O c6 7.e5 dxe5 8.Nxe5 Bf5
9.Bf4 Nbd7 10.Re1 Nxe5 11.Bxe5 Qa5 12.Bd3 Bxd3 13.Qxd3 Rfd8 14.Qc4 Rd7 15.Na4 Qd5
16.Qxd5 Rxd5 17.Nc5 b6 18.Nb3 Rad8 19.c3 Kf8 20.f3 Nh5 21.Bxg7+ Nxg7 22.Kf2 h5
23.Re2 Nf5 24.Rae1 e6 25.Na1 Rb5 26.Nb3 a5 27.Re5 a4 28.Rxb5 cxb5 29.Nc1 b4
30.Ne2 bxc3 31.bxc3 b5 32.Ng3 Ne7 33.Rb1 Rc8 34.Ne4 Nd5 35.Rxb5 Nxc3 36.Ra5 Nxe4+
37.fxe4 Rc2+ 38.Kf3 Rxa2 39.h4 Ra1 40.Ra8+ Ke7 41.Ra7+ Kf6 42.d5 a3 43.dxe6 fxe6
44.Kf4 e5+ 45.Kf3 a2 46.Kf2 Ke6 47.Ra6+ Kd7 48.Ra8 Kd6 49.Ra5 Kc6 50.Ra8 Kc5
51.Ra4 Kb5 52.Ra8 Kc4 53.Ra7 Kd4 54.Ra4+ Kd3 55.Kg3 Ke3 56.Kh3 Rh1+  1/2-1/2

[Event "FIN-chT"]
[Site "FIN"]
[Date "1991.??.??"]
[Round "?"]
[White "Saren, Ilkka J"]
[Black "Turunen, Erkki O"]
[Result "1/2-1/2"]
[WhiteElo "2385"]
[BlackElo "2280"]

1.e4 g6 2.d4 Bg7 3.Nc3 d6 4.Nf3 Bg4 5.Be2 Nc6 6.d5 Bxf3 7.Bxf3 Nd4 8.Be3 c5
9.dxc6 Nxf3+ 10.Qxf3 bxc6 11.O-O Qc8 12.Qd1 Nf6 13.h3  1/2-1/2

[Event "FIN-chT"]
[Site "FIN"]
[Date "1991.??.??"]
[Round "?"]
[White "Pulkkinen, Kari"]
[Black "Kauppinen, Martti"]
[Result "1/2-1/2"]
[WhiteElo "2215"]
[BlackElo "2230"]

1.e4 d6 2.d4 g6 3.Nc3 Bg7 4.Be3 Nf6 5.h3 Nbd7 6.g4 e5 7.Bg2 O-O 8.Nge2 c6
9.a4 Qe7 10.O-O Rd8 11.Qd2 Nf8 12.d5 N8d7 13.Rae1 c5 14.Ng3 a6 15.a5 b5 16.axb6 Nxb6
17.b3 Nfd7 18.Bh6 Bh8 19.Nd1 a5 20.Ne3 Nf6 21.f4 Ne8 22.Rf2 exf4 23.Bxf4 a4
24.Nef5 gxf5 25.exf5 Qf8 26.Nh5 f6 27.Bh6 Qf7 28.bxa4 Nc4 29.Qc3 Ne5 30.Nf4 Rxa4
31.Ne6 Bxe6 32.dxe6 Qe7 33.Qg3 Bg7 34.g5 Kh8 35.Rb1 Rb4 36.Rxb4 cxb4 37.Rf4 Rb8
38.Rh4 fxg5 39.Bxg5 Nf6 40.Kh2 Rb6 41.Qe1 b3 42.cxb3 Rxb3 43.Ra4 Rb8 44.Be3 Nd3
45.Qd1 Nc5 46.Ra2 h6 47.Ra8 Rxa8 48.Bxa8 Nfe4 49.Qg4 Ng5 50.Bd4 Ncxe6 51.fxe6 Qxe6
52.Bxg7+  1/2-1/2

[Event "FRA-chT"]
[Site "FRA"]
[Date "1991.??.??"]
[Round "?"]
[White "Pira, Davoud"]
[Black "Chomet, Pascal"]
[Result "1-0"]
[WhiteElo "2345"]
[BlackElo "2255"]

1.d4 g6 2.e4 Bg7 3.Nc3 d6 4.Nf3 Nf6 5.h3 O-O 6.Be3 a6 7.a4 b6 8.Bc4 Bb7 9.e5 Ne8
10.e6 f5 11.d5 c6 12.h4 b5 13.Bb3 Nf6 14.Ng5 b4 15.Ne2 cxd5 16.Nf4 d4 17.Bxd4 Nc6
18.Be3 Ng4 19.h5 Nxe3 20.fxe3 Ne5 21.hxg6 hxg6 22.Qe2 Qb6 23.O-O-O Rf6 24.Rh3 Rc8
25.Kb1 Qc5 26.Nh7 Be4 27.Nxf6+ Bxf6 28.Nd5 Bxd5 29.Rxd5 Qc6 30.Ra5 Kg7 31.Rxa6 Qe4
32.Rb6 Nc6 33.Qd2 Na5 34.Rxb4 Nxb3 35.Rxb3 Qxa4 36.e4 Ra8 37.Qh6+ Kg8 38.Qh7+  1-0

[Event "FRA-ch"]
[Site "FRA"]
[Date "1991.??.??"]
[Round "?"]
[White "Renet, Olivier"]
[Black "Seret, Jean Luc"]
[Result "1-0"]
[WhiteElo "2485"]
[BlackElo "2425"]

1.e4 g6 2.d4 d6 3.Nc3 Bg7 4.f4 a6 5.Nf3 b5 6.Bd3 Nd7 7.e5 Bb7 8.O-O Nh6 9.a4 b4
10.Ne4 O-O 11.Qe1 c5 12.dxc5 dxc5 13.a5 Bd5 14.Qe2 Qc7 15.Bc4 e6 16.Rd1 Qc6
17.Nd6 f6 18.Rxd5 exd5 19.Qe4 Kh8 20.Bxd5 Qc7 21.Bxa8 fxe5 22.fxe5 Nxe5 23.Nxe5 Qxd6
24.Bxh6  1-0

[Event "FRA-chT"]
[Site "FRA"]
[Date "1991.??.??"]
[Round "?"]
[White "Nemirovski, Serge"]
[Black "Benoit, Michel"]
[Result "0-1"]
[WhiteElo "2370"]
[BlackElo "2235"]

1.e4 g6 2.d4 Bg7 3.Nc3 d6 4.Be3 Nd7 5.Qd2 c6 6.f3 b5 7.d5 b4 8.dxc6 bxc3
9.cxd7+ Bxd7 10.bxc3 Qb8 11.Bd4 Bh6 12.Qd3 Nf6 13.Bxf6 exf6 14.Rd1 Qb2 15.Ne2 O-O
16.Nd4 d5 17.exd5 Rfe8+ 18.Be2 Re3 19.Qd2 Rxe2+ 20.Qxe2 Re8 21.O-O Rxe2 22.Nxe2 Qxc2
23.Nd4 Qxa2 24.d6 Qc4 25.Rfe1 Bf8 26.Ne2 Qc5+ 27.Kh1 Bxd6 28.c4 Bc6 29.Nc1 Bc7
30.Ne2 Qh5 31.h3 Qe5 32.Kg1 Bb6+ 33.Kh1 Bf2 34.Nd4 Bxe1 35.Nxc6  0-1

[Event "FRA-chT"]
[Site "FRA"]
[Date "1991.??.??"]
[Round "?"]
[White "Chomet, Pascal"]
[Black "Haik, Aldo"]
[Result "0-1"]
[WhiteElo "2255"]
[BlackElo "2435"]

1.e4 g6 2.d4 Bg7 3.Nc3 d6 4.Be2 Nf6 5.Nf3 O-O 6.O-O c6 7.a4 a5 8.h3 Na6 9.Re1 Nb4
10.Bf1 e5 11.Bg5 Qc7 12.dxe5 dxe5 13.Qc1 Nd7 14.Nb1 Nc5 15.Na3 Nxa4 16.c3 Na6
17.Nc4 N4c5 18.Nxa5 b6 19.b4 bxa5 20.bxc5 Nxc5 21.Qa3 Nb7 22.Bc4 Re8 23.Nd2 a4
24.Qb4 Bf8 25.Qb1 Nd6 26.Bb3 a3 27.Qc1 Be6 28.Bxe6 Rxe6 29.c4 Nb7 30.Nb3 Nc5
31.Nxc5 Bxc5 32.Be3 Bb4 33.Re2 c5 34.Rea2 Rea6 35.Qc2 Rd6 36.Bc1 Qd7 37.Bxa3 Rd2
38.Qb3 Rxa2 39.Rxa2 Qa4 40.Qxa4 Rxa4 41.Bxb4 Rxa2 42.Bxc5 Rc2 43.Bd6 Rxc4
44.Bxe5 Rxe4 45.Bc3 f5 46.g3 h5 47.Bf6 f4 48.Kg2 Kf7 49.Bg5 fxg3 50.Kxg3 Ke6
51.Bd2 Kf5 52.Ba5 Ra4 53.Bb6 Ra3+ 54.Kg2 Ke4 55.Bc5 Rf3 56.Bb6 Rf5 57.Bd8 Kd3
58.Kf1 Rf3 59.Be7 Kd2 60.Kg2 Ke2 61.Bc5 Rf5 62.Be3 Re5 63.Bf4 Re7 64.Bd6 Re6
65.Bb8 Rb6 66.Be5 Rb5 67.Bf4 Rc5 68.Bh6 Rb5 69.Bf4 Rd5 70.Bc1 Rd3 71.Bb2 Rb3
72.Bd4 Rb5 73.Be3 Rf5 74.h4 Rf3 75.Bc5 Rf4 76.Kg3 Rg4+ 77.Kh3 Kf3 78.Be3 Rg1
79.Kh2 Rg2+ 80.Kh3 Rxf2  0-1

[Event "FRA-chT"]
[Site "FRA"]
[Date "1991.??.??"]
[Round "?"]
[White "Chevallier, Didier"]
[Black "Ivkov, Borislav"]
[Result "0-1"]
[WhiteElo "2260"]
[BlackElo "2485"]

1.d4 g6 2.e4 Bg7 3.Nc3 d6 4.Nf3 Nd7 5.Bc4 e6 6.Bg5 Ne7 7.Qd2 h6 8.Be3 a6
9.a4 b6 10.O-O Bb7 11.d5 e5 12.Ne1 Nf6 13.f3 Bc8 14.Be2 g5 15.Nd3 Nh5 16.g3 Bh3
17.Rf2 Ng6 18.Nb4 Nhf4 19.Bxa6 Rxa6 20.Nxa6 Bc8 21.Nxc7+ Qxc7 22.Nb5 Nh3+
23.Kg2 Qd7 24.Qb4 Bf8 25.Bxb6 Nxf2 26.Kxf2 Be7 27.Bc7 Qh3 28.Rg1 Qxh2+ 29.Rg2 Qh1
30.Nxd6+ Kf8 31.Qe1 Qh3 32.Nxc8 Bc5+ 33.Ke2 Qxg2+ 34.Kd3 Qxf3+ 35.Kc4 Bf2
36.Qb4+ Kg7 37.Nd6 Ne7 38.Nf5+ Nxf5 39.Bxe5+ Kh7 40.Bxh8 Qxe4+ 41.Kb3 Qxb4+
42.Kxb4 Kxh8 43.g4 h5 44.gxf5 h4  0-1

[Event "FRA-chT"]
[Site "FRA"]
[Date "1991.??.??"]
[Round "?"]
[White "Castets, P."]
[Black "Ivkov, Borislav"]
[Result "0-1"]
[WhiteElo "2100"]
[BlackElo "2485"]

1.d4 g6 2.e4 Bg7 3.Nc3 d6 4.Be3 Nd7 5.Bc4 e6 6.Qe2 a6 7.a4 Ne7 8.Nf3 b6 9.O-O O-O
10.Rfe1 Bb7 11.Bg5 h6 12.Bh4 g5 13.Bg3 Ng6 14.Rad1 g4 15.Nd2 h5 16.Qe3 h4
17.Bf4 Bxd4 18.Qxd4 Nxf4 19.Nf1 Ne5 20.Be2 h3 21.Ne3 hxg2 22.Qxe5 dxe5 23.Rxd8 Raxd8
24.Bxg4 Kh8 25.Nc4 f5 26.Bf3 Rg8  0-1

[Event "FRA-chT"]
[Site "FRA"]
[Date "1991.??.??"]
[Round "?"]
[White "Berthelot, Yannick"]
[Black "Benoit, Michel"]
[Result "1-0"]
[WhiteElo "2315"]
[BlackElo "2235"]

1.e4 g6 2.d4 Bg7 3.Nc3 d6 4.f4 c6 5.Nf3 Bg4 6.Be3 Qb6 7.Qd2 Bxf3 8.gxf3 Nd7
9.O-O-O Qa5 10.Kb1 d5 11.h4 Ngf6 12.Nxd5 Qxd2 13.Nxf6+ Nxf6 14.Rxd2 Bh6 15.d5 Rd8
16.dxc6 Rxd2 17.Bxd2 bxc6 18.Be3 a5 19.Bc4 O-O 20.Rd1 e6 21.a4 Nh5 22.Bb6 Nxf4
23.Bxa5 Ng2 24.Rd8 Nxh4 25.Be2 Be3 26.Bc7 Ng2 27.a5 Ba7 28.Rxf8+ Kxf8 29.Bb6 Bb8
30.a6 Nf4 31.Bf1 e5 32.a7 Bxa7 33.Bxa7 h5 34.Be3 g5 35.Bxf4 exf4 36.Bh3 Ke7
37.Kc1 Kd6 38.Kd2 Ke5 39.Kd3 g4 40.fxg4 h4 41.b4  1-0

[Event "FRA-chT"]
[Site "FRA"]
[Date "1991.??.??"]
[Round "?"]
[White "Belkhodja, Slim"]
[Black "Dufrenoy, M."]
[Result "1-0"]
[WhiteElo "2365"]
[BlackElo "2100"]

1.e4 g6 2.d4 Bg7 3.Nc3 d6 4.Be3 a6 5.Qd2 b5 6.Bd3 Nd7 7.a4 b4 8.Nd1 Rb8 9.Ne2 c5
10.c3 bxc3 11.bxc3 Ngf6 12.Bh6 O-O 13.Bxg7 Kxg7 14.O-O e5 15.Ne3 cxd4 16.cxd4 Bb7
17.f4 Nxe4 18.Bxe4 Bxe4 19.Ng3 exf4 20.Rxf4 f5 21.Nxe4 fxe4 22.Rxe4 Nf6 23.Re6 Re8
24.Rxe8 Qxe8 25.a5 d5 26.Qd3 Qb5 27.Qc3 Rb7 28.Rf1 Re7 29.h3 Qe2 30.Rf3 Qb5
31.Qe1 Qe8 32.Qg3 Re6 33.Qg5 Qd8 34.Nf5+ Kh8 35.Ng3 Qd6 36.Rf1 Qe7 37.Qc1 Kg7
38.Qc2 Ne4 39.Nxe4 dxe4 40.d5 Rd6 41.Qc3+ Kg8 42.Qc4 Kg7 43.Re1 Qd8 44.Rd1 Qxa5
45.Qxe4 Qd8 46.h4 a5 47.h5 gxh5 48.Rd3 h4 49.Qg4+ Rg6 50.Qd4+ Kg8 51.d6 h3
52.d7 Rg7 53.Qc4+ Kh8 54.Qe6 Rxg2+ 55.Kh1 Rg8 56.Qe5+ Rg7  1-0

[Event "FRA-ch"]
[Site "FRA"]
[Date "1991.??.??"]
[Round "3"]
[White "Prie, Eric"]
[Black "Seret, Jean Luc"]
[Result "1/2-1/2"]
[WhiteElo "2460"]
[BlackElo "2425"]

1.e4 g6 2.d4 d6 3.Nc3 Bg7 4.f4 a6 5.Be2 b5 6.Bf3 Bb7 7.e5 Qc8 8.Bxb7 Qxb7
9.Qf3 Qxf3 10.Nxf3 e6 11.a4 b4 12.Ne4 d5 13.Nc5 Ne7 14.Bd2 Nec6 15.a5 Bf8
16.Nb3 Be7 17.Ke2 Nd7 18.g4 h5 19.h3 Na7 20.Be3 Nb5 21.Raf1 Rc8 22.Kd3 c5
23.dxc5 Bxc5 24.Nxc5 Nxc5+ 25.Bxc5 Rxc5 26.Nd2  1/2-1/2

[Event "FRA-ch"]
[Site "FRA"]
[Date "1991.??.??"]
[Round "9"]
[White "Kouatly, Bachar"]
[Black "Seret, Jean Luc"]
[Result "1-0"]
[WhiteElo "2485"]
[BlackElo "2425"]

1.d4 d6 2.e4 g6 3.Nc3 Bg7 4.f4 a6 5.a4 Nf6 6.Nf3 O-O 7.Bd3 Nc6 8.e5 dxe5
9.fxe5 Nh5 10.Be3 Bg4 11.Ne2 Nb4 12.O-O c5 13.Be4 f5 14.Bxb7 Rb8 15.h3 Rxb7
16.hxg4 fxg4 17.Ng5 Bh6 18.Rxf8+ Qxf8 19.dxc5 e6 20.Qd6 Qe8 21.Rd1 Ng7 22.Ng3 Nf5
23.Qxe6+ Qxe6 24.Rd8+ Qe8 25.Rxe8+ Kg7 26.Nxf5+ gxf5 27.Rd8 Kg6 28.Rd6+ Kh5
29.c6 Re7 30.Rxh6+ Kxh6 31.c7 Re8 32.Nf7+  1-0

[Event "Troll Masters"]
[Site "Gausdal"]
[Date "1991.??.??"]
[Round "9"]
[White "Shabalov, Alexander"]
[Black "Martin, Andrew D"]
[Result "1-0"]
[WhiteElo "2505"]
[BlackElo "2430"]

1.e4 g6 2.d4 Bg7 3.Nc3 d6 4.Bg5 a6 5.f4 b5 6.Nf3 Nd7 7.e5 f6 8.Bh4 Nh6 9.Bd3 O-O
10.Qe2 c5 11.O-O-O c4 12.Be4 Rb8 13.Nd5 Nb6 14.exf6 exf6 15.Nxb6 Qxb6 16.Bd5+ Kh8
17.h3 Qa5 18.Kb1 c3 19.g4 Bb7 20.Bb3 Rbe8 21.Qf2 Be4 22.d5 f5 23.Rhe1 Bxf3
24.Qxf3 cxb2 25.Re6 fxg4 26.hxg4 Rc8 27.Be7 Rfe8 28.Bxd6 Nf7 29.Be7 Rxe7
30.Rxe7 Nd6 31.Qe2 Qc3 32.Qe6 Qf3 33.Re1 Qxf4 34.Rd7 Bc3 35.Rh1 Qc1+ 36.Rxc1 bxc1=Q+
37.Kxc1 Rf8 38.Kd1  1-0